00378nam a22001217a 4500003000400000082001600004100002100020245014900041260003500190300000700225650001600232653000800248SGT a617.3bS21C aCHHABRA, ANUBHAV aA study on Clinical & Radiological assessment of Patients with Intertrochanteric Fractures managed with Proximal Femoral Nail with Helical Blade aGURUGRAMbSGT UNIVERSITYc2021 a95 aORTHOPEDICS aM.S